000 00450nmm a2200169Ia 4500
008 251105s9999||||xx |||||||||||||||||und||
020 _a9789568601362
041 _aspa
100 _aFernándes, Nona
245 0 _aMapocho
264 _a[Santiago de Chile, Chile] :
_bUqbar,
_c2007
300 _a210 páginas
490 _aNovela
650 _aLatin American narrative
856 _uhttps://public.digitaliapublishing.com/a/21292
942 _cCF
999 _c94742
_d94742